| 000 | 00664nam a2200181 4500 | ||
|---|---|---|---|
| 001 | 144926 | ||
| 003 | ES-MaACL | ||
| 007 | t| | ||
| 008 | 070214s1983 mx r ||||1| spa d | ||
| 100 | 1 |
_aSmith, Frank. _9106869 |
|
| 245 | 1 | 0 |
_aComprensión de la lectura _b: análisis psicolingüístico de la lectura y su aprendizaje / _cFrank Smith ; [traducción: Mario Sandoval Pineda ; revisión técnica: Sara Gómez de Ardila]. |
| 250 | _a1ª ed. | ||
| 260 |
_aMéxico : _bTrillas, _c1983 ( _fIngramex) |
||
| 300 |
_a272 p. ; _c23 cm. |
||
| 700 | 1 |
_aSandoval Pineda, Mario. _9103115 |
|
| 700 | 1 |
_aGómez de Ardila, Sara. _957882 |
|
| 852 |
_aES-MaACL _jL-5280 _bR.105790 |
||
| 999 |
_c144926 _d144926 |
||